02208cam a22005054i 4500003000900000005001700009008004100026020001500067035002700082040003300109049000900142082002000151100002900171245004200200264006000242300004100302336002100343337002500364338002300389490002500412504004600437505038600483526001000869526001000879526000900889526000900898526000900907526000900916526000900925526000900934526000900943526000800952526000800960526000800968526000800976526000800984630004600992942001401038949019501052994001401247596000601261999022701267980005501494952015301549PE-LiUPU20250731165455.0150623s1996 enk rb 000 0 eng d a1850757895 a(Sirsi) i9781850757894 aPE-LiUPUbspacPE-LiUPUerda aPRUA04a225.077bNT2211 aKreitzer, Larry,eautor.10a2 Corinthians.n47 /cLarry Kreitzer. 1aMelksham, Wiltshire :bSheffield Academic Press,c1996. a146 páginas ;c21.5 centímetros. atext2rdacontent aunmediated2rdamedia avolume2rdacarrier1 aNew Testament Guides aBibliografía al final de cada capitulo.0 aPaul and the founding of the Church at Corinth -- The integrity of 2 Corinthians and its place in the Corinthian correspondence -- The apostolic ministry of Paul -- Moses, glory and the New covenant -- Identifying the Corinthian Opponents: a problem in detection -- Paul and the Jerusalem collection -- Some puzzling passages -- The challenge of 2 Corinthians for the modern world. aSEG44 aSEG26 aP151 aP150 aP149 aP146 aP145 aP126 aP125 aP92 aP75 aP74 aP27 aP15 aBiblia.pN.T.pCorintios IIxComentarios. 2ddccBOOK aRC 225.077 NT 47wDEWEYc1i45038lCCODEBUL1mBULr0sYtBOOKu2015-6-24xTEOLOGIAPP350COMPRAo.CIRCNOTE. No olvidar cambiar la fecha de devolución!!!!!!!o.STAFF. Colección Teología aC0bPEPRU a1 aRC 225.077 NT 47wDEWEYc21919i45038f2021-11-8g6lCCODEBUL1mBULp25.00r1sYtBOOKu2015-6-24xTEOLOGIAPP350COMPRAo.CIRCNOTE. No olvidar cambiar la fecha de devolución!!!!!!!o.STAFF. Colección Teologíad21919 81gALBERTO SANCHEZ Responsable de Automatización r2025-12-02 00:00:00i7l0oRC 225.077 NT 47p45038te1v30.00w2015-06-24xFTyREF102ddc50718REFfP35aBULbBULcREFd2015-06-24eCOMPRAg25.00